| 000 | 00531nam a22001817a 4500 | ||
|---|---|---|---|
| 001 | T027600008605 | ||
| 008 | 181111b xve|||||r|||| 00| | esp d | ||
| 099 |
_aIVP-D-05140 _b |
||
| 100 | _aINSTITUTO NACIONAL DE NUTRICIÓN | ||
| 245 | _aProgramas de Atención Nutricional Dirigidos a los Niños en Edad Preescolar. 1997. | ||
| 260 | _a | ||
| 500 | _a | ||
| 650 | _aHistoria Oral--Investigaciones--Caño Amarillo-Caracas | ||
| 650 | _aHistoria Local--Proyectos | ||
| 650 | _aVenezuela. | ||
| 650 | _aEspañol. | ||
| 942 | _cLIB | ||
| 999 |
_c9732 _d9732 |
||